Hechos y ficciones de la globalización; argentina y el mercosur en el sistema internacional /

Guardado en:
Autor Principal: Ferrer, Aldo
Formato: Libro
Publicado: Buenos Aires : Fondo de Cultura Económica, 2001
Materias:
Etiquetas: Agregar Etiqueta
Sin Etiquetas, Sea el primero en etiquetar este registro!
LEADER 00636nam a22002055a 4500
001 CEM.cems011137
005 20060214000000.0
008 130507s2001##################000#0#####d
003 CEMS
082 0 4 |a 382 
100 1 |a Ferrer, Aldo 
245 1 0 |a Hechos y ficciones de la globalización; argentina y el mercosur en el sistema internacional / 
260 |a Buenos Aires :  |b Fondo de Cultura Económica,  |c 2001 
300 |a 140 p. 
653 |a Economia 
653 |a Comercio exterior 
653 |a Mercosur 
653 |a Globalizacion 
653 |a Economia argentina-1970-1999 
859 |a CEMS  |b BIB. CEMS - 11 de abril  |h 382  |i F414-1  |p 21923.02  |t Ej.1